Rehabilitación ortopédica clínica

Guardat en:
Dades bibliogràfiques
Autors principals: Brotzman, S. Brent (Autor), Wilk, Kevin E (Autor)
Format: Llibre
Idioma:espanyol
Publicat: Madrid Elsevier 2005
Edició:2a. ed
Matèries:
Etiquetes: Afegir etiqueta
Sense etiquetes, Sigues el primer a etiquetar aquest registre!

MARC

LEADER 00000nam a2200000 a 4500
001 UCI3125
003 CL-VaPUC
008 071012e20050000SP |||||||||||||||||spa|d
020 |a 8481748447 
082 0 4 |a 612.83  |b BRO  |2 21 
100 |a Brotzman, S. Brent  |e author  |9 524529 
700 0 |a Wilk, Kevin E  |e author  |9 524530 
245 1 0 |a Rehabilitación ortopédica clínica 
250 |a 2a. ed 
300 |a 625 p 
942 |c BK 
945 |d 20071012 00:00:00  |a jtorresc 
260 |a Madrid  |b Elsevier  |c 2005 
650 0 |a Neurología   |9 269802 
650 0 |a Sistema nervioso  |9 266815 
650 0 |a Médula espinal  |9 369352 
650 7 |a DISCOS CERVICALES  |2 CL-VaPUC  |9 411168 
650 7 |a OSTEOARTRITIS  |2 CL-VaPUC  |9 411169 
650 7 |a TETRAPLEJIA  |2 CL-VaPUC  |9 411170 
650 0 |a Columna vertebral  |9 307410 
650 7 |a LESIONES MUSCULARES  |2 CL-VaPUC  |9 342075 
583 |a last modification  |c 20071012 00:00:00  |k Rodrigo Vera 
999 |c 327513  |d 327511 
952 |0 0  |1 0  |4 0  |6 612_830000000000000_BRO_2005  |7 0  |8 A  |9 410389  |a BIBCUR  |b BIBCUR  |d 2019-11-22  |i 4378253  |o 612.83 BRO 2005  |p 4378253  |r 2025-04-22  |w 2019-11-22  |y BK  |k KIN 
952 |0 0  |1 0  |4 0  |6 612_830000000000000_BRO_2005  |7 0  |8 A  |9 410390  |a BIBCUR  |b BIBCUR  |d 2019-11-22  |i 4378261  |o 612.83 BRO 2005  |p 4378261  |r 2025-04-22  |w 2019-11-22  |y BK  |k KIN 
952 |0 0  |1 0  |4 0  |6 612_830000000000000_BRO_2005  |7 0  |8 A  |9 410391  |a BIBCUR  |b BIBCUR  |d 2019-11-22  |i 437827K  |o 612.83 BRO 2005  |p 437827K  |r 2025-04-22  |w 2019-11-22  |y BK  |k KIN 
952 |0 0  |1 0  |4 0  |6 612_830000000000000_BRO_2005  |7 0  |8 A  |9 410392  |a BIBCUR  |b BIBCUR  |d 2019-11-22  |i 4378288  |o 612.83 BRO 2005  |p 4378288  |r 2025-04-22  |w 2019-11-22  |y BK  |k KIN 
952 |0 0  |1 0  |4 0  |6 612_830000000000000_BRO_2005  |7 0  |8 A  |9 410393  |a BIBCUR  |b BIBCUR  |d 2019-11-22  |i 4378296  |o 612.83 BRO 2005  |p 4378296  |r 2025-04-22  |w 2019-11-22  |y BK  |k KIN 
952 |0 0  |1 2  |4 0  |6 612_830000000000000_BRO_2005  |7 0  |8 X  |9 410394  |a FDOKIC  |b FDOKIC  |d 2019-11-22  |i 1087428  |o 612.83 BRO 2005  |p 1087428  |r 2019-11-22  |w 2019-11-22  |y BK_X  |k KIC 
952 |0 0  |1 0  |4 0  |6 612_830000000000000_BRO_2005  |7 0  |8 A  |9 410395  |a BIBCUR  |b BIBCUR  |d 2019-11-22  |i 4696689  |o 612.83 BRO 2005  |p 4696689  |r 2025-04-22  |w 2019-11-22  |y BK  |k KIN